banner-ar

OBJECT - ORIENTED APPLICATION DEVELOPMENT WITH VISUALAGE FOR 2++ FOR 05\2 / (Record no. 13828)

MARC details
000 -الفاتح
حقل البيانات ثابتة الطول 00572nam a2200205Ia 4500
008 - عناصر البيانات ثابتة الطول - معلومات عامة
حقل البيانات ثابتة الطول 140319s9999 xx 000 0 eng d
040 ## - مصدر الفهرسة
وكالة الفهرسة الأصلية GCL /
وكالة النسخ GCL
082 04 - رقم تصنيف ديوى العشرى
رقم التصنيف 005.13
رقم المادة B O
100 1# - المدخل الرئيسى - إسم شخصى
الإسم الشخصى BILLIARD, MARC CARREL
245 10 - بيان العنوان
العنوان OBJECT - ORIENTED APPLICATION DEVELOPMENT WITH VISUALAGE FOR 2++ FOR 05\2 /
بيان المسئوليه,etc BILLIARD, MARC CARREL
700 1# - المدخل الاضافى - اسم شخصى
الإسم الشخصى JAKAB, PETER
700 1# - المدخل الاضافى - اسم شخصى
الإسم الشخصى MAUNY, ISABELLE
260 ## - PUBLICATION, DISTRIBUTION, ETC. (IMPRINT)
تاريخ النشر أو التوزيع 1996
300 ## - الوصف المادى
التعداد 384 P
650 04 - المدخل الاضافى بالموضوع-مصطلح موضوعى
مصطلح موضوعي شعر الحرب
650 04 - المدخل الاضافى بالموضوع-مصطلح موضوعى
مصطلح موضوعي COMPUTER LANGUAGE
650 04 - المدخل الاضافى بالموضوع-مصطلح موضوعى
مصطلح موضوعي C ++
942 ## - عناصر المدخل الإضافي( كوها)
مصدر التصنيف او مخطط الترفيف Dewey Decimal Classification
Koha [default] item type كتاب
260 ## - PUBLICATION, DISTRIBUTION, ETC. (IMPRINT)
-- [S.N] :
-- I B M ،
Holdings
حالة التراجع حالة الفقد حالة تلف ليس للاعارة المكان المؤقت الموقع الحالى تاريخ الاكتساب اجمالي اﻻعارات رقم الطلب الباركود تاريخ اخر مشاهدة تاريخ تفعيل السعر نوع وعاء كوها
        مكتبة القاهرة الكبرى مكتبة القاهرة الكبرى 03/26/2014   005.13\B O 26216 03/26/2014 03/26/2014 كتاب

Powered By

EGPV